| 000 | 00900nam a22002777a 4500 | ||
|---|---|---|---|
| 001 | 811 | ||
| 005 | 20250815130031.0 | ||
| 020 | _a0590437704 : | ||
| 020 | _a9780590437714 | ||
| 040 |
_aDLC _cDLC _dDLC _beng |
||
| 050 | 0 | 0 |
_aQA117 _b.M26 1991 |
| 082 | 0 | 0 |
_a513.2/6 _220 |
| 100 | 1 | _aMcMillan, Bruce. | |
| 245 | 1 | 0 |
_aEating fractions / _ccooked, written, drafted, and photo-illustrated by Bruce McMillan. |
| 260 |
_aNew York : _bScholastic, _c1991. |
||
| 300 |
_a30 pages : _bcolor illustrations ; _c23 x 28 cm. |
||
| 505 | _aD | ||
| 520 | _aFood is cut into halves, quarters, and thirds to illustrate how parts make a whole. Simple recipes included. | ||
| 521 |
_a180
_bLexile estimate |
||
| 521 |
_aD _bRaz-Plus |
||
| 650 | 0 |
_aFractions _vJuvenile literature. |
|
| 650 | 1 | _aFractions. | |
| 650 | 1 | _aCooking. | |
| 906 |
_a7 _bcbc _corignew _d1 _eocip _f19 _gy-gencatlg |
||
| 942 |
_2ddc _cBK _n0 |
||
| 999 |
_c811 _d811 |
||